MARC

LEADER 00000nam0a2200000 4500
001 198057
005 20231031183722.0
010 |a 5279004952 
035 |a (RuTPU)RU\TPU\book\216034 
090 |a 198057 
100 |a 20110623d1991 k y0rusy50 ca 
101 0 |a rus 
102 |a RU 
105 |a y z 000zy 
200 1 |a Кредит в условиях современного капитализма  |f В. С. Волынский 
210 |a Москва  |c Финансы и статистика  |d 1991 
215 |a 176 с. 
610 1 |a капиталистическая экономика 
610 1 |a кредит 
610 1 |a 20 век 
610 1 |a кредитная система 
686 |a У826  |v LBC/SL-A  |2 rubbk 
700 1 |a Волынский  |b В. С.  |g Владислав Серафимович 
801 1 |a RU  |b 63413507  |c 20110623 
801 2 |a RU  |b 63413507  |c 20170120  |g RCR 
942 |c BK